000 00467nam a22001937a 4500
003 NUST - PNEC
005 20170116180829.0
008 150729b xxu||||| |||| 00| 0 eng d
020 _a0029462088
020 _a0024184322
040 _cLIBRARY
082 _a515 SUL
100 _94540
_aSullivan, Michael
245 _aPrecalculus
_cMichael Sullivan
250 _aInternational edition
260 _cc1987.
650 _94541
_aCalculus
_xME
942 _2ddc
_cBK
999 _c63980
_d63980